000 00561nam a2200229Ia 4500
003 OSt
005 20220924150354.0
006 a|||||r|||| 00| 0
007 ta
008 220923b |||||||| |||| 00| 0 tel d
024 _a332919
037 _cTextual
040 _aARTS
_cARTS
_btel
041 _2tel
_atel
082 _aO35,1MSI,1, L3
100 _aSitaramurty
_9221971
245 0 _aRashtragamamu
260 _c1973
650 _aTELUGU POETRY
942 _hO35,1MSI,1, L3
_cTEXL
_2CC
999 _c463127
_d463127